Nano food packaging : a new post harvest venture (Record no. 12949)

MARC details
000 -LEADER
fixed length control field 00510nam a2200193Ia 4500
008 - FIXED-LENGTH DATA ELEMENTS--GENERAL INFORMATION
fixed length control field 140316s9999 xx 000 0 und d
020 ## - INTERNATIONAL STANDARD BOOK NUMBER
International Standard Book Number 9789380428840
082 ## - DEWEY DECIMAL CLASSIFICATION NUMBER
Classification number 620.5
Item number PON/NA
100 ## - MAIN ENTRY--PERSONAL NAME
Personal name Ponnuswami,V
245 ## - TITLE STATEMENT
Title Nano food packaging : a new post harvest venture
260 ## - PUBLICATION, DISTRIBUTION, ETC. (IMPRINT)
Place of publication, distribution, etc. Delhi
Name of publisher, distributor, etc. Narendra publishing house
Date of publication, distribution, etc. 2012
300 ## - PHYSICAL DESCRIPTION
Extent 190
650 ## - SUBJECT ADDED ENTRY--TOPICAL TERM
Topical term or geographic name as entry element Nanobiotechnology
650 ## - SUBJECT ADDED ENTRY--TOPICAL TERM
Topical term or geographic name as entry element Nanotechnology
700 ## - ADDED ENTRY--PERSONAL NAME
Personal name Padmadevi,K
700 ## - ADDED ENTRY--PERSONAL NAME
Personal name Preethi,L
700 ## - ADDED ENTRY--PERSONAL NAME
Personal name Selvakumari,P
942 ## - ADDED ENTRY ELEMENTS (KOHA)
Source of classification or shelving scheme Dewey Decimal Classification
Koha item type Books (General)
Holdings
Withdrawn status Lost status Source of classification or shelving scheme Damaged status Not for loan Home library Current library Shelving location Date acquired Total Checkouts Full call number Barcode Date last seen Price effective from Koha item type Collection code Cost, normal purchase price
    Dewey Decimal Classification     KAU Central Library, Thrissur KAU Central Library, Thrissur General 18/03/2014   620.5 PON/NA 222302 18/03/2014 18/03/2014 Books (General)    
    Dewey Decimal Classification     KAU Central Library, Thrissur KAU Central Library, Thrissur General 21/05/2020   620.5 PON/NA 230470 21/05/2020 21/05/2020 Books (General) General 1895.00
Kerala Agricultural University Central Library
Thrissur-(Dt.), Kerala Pin:- 680656, India
Ph : (+91)(487) 2372219
E-mail: librarian@kau.in
Website: http://library.kau.in/